| 000 | 00546 a2200205 4500 | ||
|---|---|---|---|
| 005 | 20260401102611.0 | ||
| 008 | 260325b |||||||| |||| 00| 0 eng d | ||
| 020 |
_a9789364552103 _cRs. 4995.00 |
||
| 040 | _aMAIN | ||
| 082 |
_a347.3 _bS64T |
||
| 100 | _aSinghania, Vinod K | ||
| 245 | _aDirect taxes: Law and practice | ||
| 260 |
_bTaxmann Publications _c2025 _aNew Delhi |
||
| 300 | _av. | ||
| 650 | _aTaxation Law- India | ||
| 650 | _aDirect Taxation- India | ||
| 650 | _aIncome Tax- Law | ||
| 700 | _aSinghania, Kapil | ||
| 942 | _cBK | ||
| 999 |
_c396370 _d396370 |
||